[Event "Open"]
[Site "Ptuj SLO"]
[Date "2008.08.13"]
[Round "6"]
[White "Sitnik,I"]
[Black "Slamar,V"]
[Result "0-1"]
[WhiteElo "2251"]
[BlackElo "2217"]

1.d4 Nf6 2.c4 g6 3.Nc3 Bg7 4.e4 d6 5.Nf3 O-O 6.Be2 e5 7.O-O exd4 8.Nxd4 Nc6
9.Nxc6 bxc6 10.Bg5 Qe8 11.f3 Rb8 12.Qd2 Nd7 13.Rfe1 Qe5 14.Rab1 Qa5 15.Bh6 Rxb2
16.Qxb2 Bxc3 17.Qc1 Bxe1 18.Qxe1 Qxe1+ 19.Rxe1 Re8 20.Kf2 Ba6 21.Rb1 c5 22.Rb3 Rb8
23.Ra3 Rb6 24.Bd2 Ne5 25.Ra4 Nc6 26.Ke3 Kf8 27.g4 Ke7 28.Bc3 Bc8 29.g5 Ra6
30.Rxa6 Bxa6 31.f4 Nb4 32.a4 Bc8 33.Bf6+ Ke8 34.a5 Be6 35.h4 Kd7 36.h5 c6
37.h6 a6 38.Bc3 Nc2+ 39.Kd2 Na3 40.Ba1 Bxc4 41.Bg4+ Ke8 42.Bb2 Nb5 43.f5 Nd4
44.Ke3 Nb3 45.Bc3 d5 46.Kf4 d4 47.Bb2 Nxa5 48.Ke5 Ke7 49.Ba3 Nb7 50.fxg6 fxg6  0-1

[Event "Open A"]
[Site "Vladimir RUS"]
[Date "2008.08.13"]
[Round "2"]
[White "Kurukin,D"]
[Black "Girya,O"]
[Result "0-1"]
[WhiteElo "2201"]
[BlackElo "2350"]

1.d4 Nf6 2.c4 g6 3.Nc3 Bg7 4.e4 d6 5.Nf3 O-O 6.Be2 Na6 7.O-O e5 8.Re1 c6
9.dxe5 dxe5 10.Qc2 Qe7 11.h3 Nc5 12.Be3 a5 13.Nd2 Ne6 14.Na4 Nd4 15.Bxd4 exd4
16.Nb6 Rb8 17.Nxc8 Rbxc8 18.f4 d3 19.Qxd3 Qc5+ 20.Kh1 Rcd8 21.Nb3 Qe7 22.Qe3 Qxe4
23.Qxe4 Nxe4 24.Bf3 Nf2+ 25.Kg1 Nd3 26.Re7 a4 27.Na5 a3 28.Rxb7 axb2 29.Rb1 Ra8
30.Nxc6 Rxa2 31.Be4 Nc5 32.Re7 Nxe4  0-1

[Event "Open A"]
[Site "Vladimir RUS"]
[Date "2008.08.14"]
[Round "3"]
[White "Trifonov,P"]
[Black "Pesotsky,V"]
[Result "1/2-1/2"]
[WhiteElo "2213"]
[BlackElo "2338"]

1.d4 Nf6 2.c4 g6 3.Nc3 Bg7 4.e4 d6 5.Nf3 O-O 6.Be2 e5 7.d5 c5 8.Bg5 h6 9.Bh4 a6
10.Nd2 Qe8 11.O-O Nh7 12.a3 f5 13.f3 Nd7 14.b4 Nhf6 15.g4 f4 16.Nb3 b6 17.Rb1 Rf7
18.bxc5 Nxc5 19.Nxc5 bxc5 20.Rb6 g5 21.Bf2 Bf8 22.Qc2 Nxg4 23.fxg4 f3 24.Bd1 Bxg4
25.Be3 Raa7 26.Rf2 Qc8 27.Rc6 Qd7 28.Nb1 Bh5 29.Nd2 Qh3  1/2-1/2

[Event "Open A"]
[Site "Vladimir RUS"]
[Date "2008.08.14"]
[Round "3"]
[White "Savina,A"]
[Black "Timofeev,M"]
[Result "1-0"]
[WhiteElo "2269"]
[BlackElo "1876"]

1.d4 Nf6 2.c4 g6 3.Nc3 Bg7 4.e4 d6 5.Nf3 O-O 6.Be2 e5 7.O-O Na6 8.Be3 Ng4
9.Bg5 Qe8 10.dxe5 dxe5 11.h3 h6 12.Bd2 Nf6 13.Be3 Qe7 14.a3 Nc5 15.Qc2 b6
16.b4 Ncd7 17.Nd5 Qd8 18.Rfd1 Nxd5 19.cxd5 a5 20.Bb5 axb4 21.axb4 Rxa1 22.Rxa1 f5
23.Ra8 fxe4 24.Qxe4 g5 25.Qc4 Kh8 26.Qc2 e4 27.Bxd7 Qxd7 28.Qxe4 Qf5 29.Qxf5 Bxf5
30.Ra7 Be4 31.Rxc7 Bxd5 32.Bxb6 Bxf3 33.gxf3 Rxf3 34.Kg2 Rb3 35.Bc5 Bc3 36.Rb7 Kg8
37.b5 Rb2 38.Kf3 Bb4 39.Bd4 Rb3+ 40.Kg4 Bd2 41.Kh5 Rxh3+ 42.Kg6 Kf8 43.Bf6 Ke8
44.Re7+ Kf8 45.Rd7  1-0

[Event "Independence Cup G"]
[Site "Kyiv UKR"]
[Date "2008.08.15"]
[Round "2"]
[White "Slugin,S"]
[Black "Baryshpolets,A"]
[Result "1/2-1/2"]
[WhiteElo "2425"]
[BlackElo "2413"]

1.d4 Nf6 2.c4 g6 3.Nc3 Bg7 4.e4 d6 5.Nf3 O-O 6.Be2 e5 7.Be3 h6 8.O-O Ng4
9.Bc1 Nc6 10.d5 Ne7 11.Ne1 f5 12.Bxg4 fxg4 13.Be3 g5 14.c5 Ng6 15.cxd6 cxd6
16.a4 Nf4 17.Nb5 a6 18.Na3 b5 19.Nd3 Bd7 20.axb5 axb5 21.Nb4 Ra4 22.Qd2 Qf6
23.Rfe1 Nxg2 24.Kxg2 Qf3+ 25.Kg1 g3 26.fxg3 Bh3 27.Nd3 b4 28.Qe2 Qxe2 29.Rxe2 bxa3
30.Nf2 axb2 31.Rb1 Bd7  1/2-1/2

[Event "VII Open"]
[Site "Ortigueira ESP"]
[Date "2008.08.15"]
[Round "6"]
[White "Filip,L"]
[Black "Milchev,N"]
[Result "1/2-1/2"]
[WhiteElo "2461"]
[BlackElo "2356"]

1.Nf3 Nf6 2.c4 g6 3.Nc3 Bg7 4.e4 d6 5.d4 O-O 6.Be2 e5 7.O-O Nbd7 8.Be3 Ng4
9.Bg5 f6 10.Bd2 Nh6 11.b4 Nf7 12.c5 f5 13.Bc4 f4 14.cxd6 cxd6 15.Nb5 Nb6
16.Bxf7+ Rxf7 17.dxe5 Nc4 18.Rc1 Nxe5 19.Nxe5 Bxe5 20.Bc3 Be6 21.Bxe5 dxe5
22.Qxd8+  1/2-1/2

[Event "Open"]
[Site "Panevezys LTU"]
[Date "2008.08.15"]
[Round "6"]
[White "Rumiancev,B"]
[Black "Janusaitis,M"]
[Result "1/2-1/2"]
[WhiteElo "2153"]
[BlackElo "1939"]

1.d4 Nf6 2.c4 g6 3.Nc3 Bg7 4.e4 d6 5.Nf3 O-O 6.Be2 Nbd7 7.O-O e5 8.d5 a5
9.Be3 Nh5 10.g3 Nc5 11.Nd2 Nf6 12.f3 Ne8 13.Nb3 Nxb3 14.axb3 f5 15.Qd2 b6
16.Kh1 Bd7 17.Rg1 Bf6 18.Bd3 Ng7 19.Nb5 Nh5 20.Bh6 Rf7 21.exf5 gxf5 22.f4 e4
23.Be2 Ng7 24.g4 fxg4 25.Bxg4 Bxg4 26.Rxg4 Kh8 27.Nd4 Qd7 28.Rag1 Re8 29.Qe3 Qe7
30.Bxg7+ Bxg7 31.Ne6 Rg8 32.Qxe4 h6 33.Qg6 Rf6 34.Qh5 Rxe6 35.dxe6 Qxe6 36.f5 Qe3
37.Rh4 Bf8 38.Rxg8+ Kxg8 39.Qg4+ Kh7 40.Qe4 Qc1+ 41.Kg2 Qxb2+ 42.Kf1 Qxb3
43.f6+ Kh8 44.f7 Qd1+ 45.Kg2 Qd2+ 46.Kf3 Qc3+ 47.Qe3 Qxe3+ 48.Kxe3 Kg7 49.Rf4 c6
50.Ke4 a4 51.Kd3 a3 52.Kc3 d5 53.cxd5 cxd5 54.Kb3 b5 55.h3 b4 56.Kc2 Bd6
57.Rf5 d4 58.Rd5 Bf8 59.Rxd4 Kxf7 60.Rd5 Be7 61.Kb3 Bf8 62.Ra5 Kg6 63.Ra8 Be7
64.Ra7 Kf7 65.Ra6 Bf8 66.Ra8 h5 67.Ra6 h4 68.Rb6 Be7 69.Ra6 Kg7 70.Ra7 Kf6
71.Ra6+ Kf5 72.Ra7 Bd6 73.Ra6 Ke5 74.Kc4 Ke6 75.Kb3 Kd5 76.Ra5+ Bc5 77.Rb5 Kc6
78.Ra5 Bf2 79.Rf5 Be1 80.Rh5 Kd6 81.Rb5 Ke6 82.Rh5 Kf6 83.Rb5 Kg6 84.Re5 Bc3
85.Rb5 Kh6 86.Rd5  1/2-1/2

[Event "Petrovskaya Ladya GM2"]
[Site "Peterhof RUS"]
[Date "2008.08.15"]
[Round "6"]
[White "Savchenko,S"]
[Black "Levin,Ev"]
[Result "1-0"]
[WhiteElo "2557"]
[BlackElo "2488"]

1.Nf3 Nf6 2.c4 g6 3.Nc3 Bg7 4.e4 d6 5.d4 O-O 6.Be2 e5 7.O-O Na6 8.Re1 c6
9.Be3 Ng4 10.Bg5 f6 11.Bh4 Qe8 12.h3 Nh6 13.Rb1 Nf7 14.b4 Nc7 15.d5 f5 16.Ng5 Bf6
17.Nxf7 Qxf7 18.Bxf6 Qxf6 19.Qd2 Bd7 20.Bf3 Rf7 21.dxc6 bxc6 22.Rbd1 Ne6
23.Qxd6 Nd4 24.Qxf6 Rxf6 25.exf5 Nxf3+ 26.gxf3 Bxf5 27.Ne4 Bxe4 28.fxe4 Rb8
29.a3 Rbf8 30.Rd2 Rf3 31.Re3 R8f4 32.Rxf3 Rxf3 33.Rd8+ Kf7 34.Rd7+ Ke6 35.Rxa7 Rc3
36.c5 Rxh3 37.Kg2 Rc3 38.Rxh7 Rxa3 39.Rc7 Ra6 40.Kg3 Kf6 41.Kg4  1-0

[Event "Alan Benson IM"]
[Site "San Francisco USA"]
[Date "2008.08.15"]
[Round "5"]
[White "Lobo,Ri1"]
[Black "Ganbold,O"]
[Result "1-0"]
[WhiteElo "2261"]
[BlackElo "2380"]

1.c4 g6 2.Nc3 Bg7 3.d4 Nf6 4.e4 O-O 5.Nf3 d6 6.Be2 Nbd7 7.O-O e5 8.Qc2 exd4
9.Nxd4 Nc5 10.Rd1 Re8 11.f3 Nh5 12.Bf1 c6 13.Be3 Qe7 14.Bf2 Bd7 15.Qd2 Rad8
16.b4 Na6 17.Rab1 Qf8 18.Nde2 Be6 19.Nd4 c5 20.Nxe6 fxe6 21.a3 Nc7 22.Bh4 Bf6
23.Bxf6 Qxf6 24.Qe3 b6 25.bxc5 dxc5 26.e5 Qf4 27.Qxf4 Nxf4 28.Ne4 Kg7 29.g3 Nh5
30.f4 Rxd1 31.Rxd1 Re7 32.Be2 h6 33.Kf2 Kf8 34.Bxh5 gxh5 35.a4  1-0

[Event "ch-Euro Seniors"]
[Site "Davos SUI"]
[Date "2008.08.16"]
[Round "8"]
[White "Gaspariants,G"]
[Black "Werner,Cle"]
[Result "0-1"]
[WhiteElo "2270"]
[BlackElo "2315"]

1.d4 Nf6 2.c4 d6 3.Nf3 g6 4.Nc3 Bg7 5.e4 O-O 6.Be2 e5 7.d5 a5 8.Be3 Ng4 9.Bg5 f6
10.Bd2 f5 11.exf5 gxf5 12.Ng5 Nf6 13.f4 h6 14.Nh3 c6 15.O-O Na6 16.Be3 Ng4
17.Qd2 Nb4 18.Rac1 Nxe3 19.Qxe3 e4 20.a3 Na6 21.Na4 Bd7 22.b3 Rb8 23.Rc2 cxd5
24.cxd5 b5 25.Nb2 Nc5 26.b4 Na4 27.Qg3 axb4 28.axb4 Nxb2 29.Rxb2 Qf6 30.Rc2 Rfc8
31.Qb3 Rxc2 32.Qxc2 Rc8 33.Qa2 Qb2 34.Qxb2 Bxb2 35.Nf2 Rc2 36.Bd1 Rd2  0-1

[Event "Acropolis Open"]
[Site "Athens GRE"]
[Date "2008.08.17"]
[Round "9"]
[White "Saravanan,V1"]
[Black "Pavlidis,Ana"]
[Result "0-1"]
[WhiteElo "2405"]
[BlackElo "2270"]

1.Nf3 Nf6 2.c4 g6 3.Nc3 Bg7 4.e4 d6 5.d4 O-O 6.Be2 e5 7.Be3 Ng4 8.Bg5 f6
9.Bh4 g5 10.Bg3 Nh6 11.h3 Nd7 12.Qd2 f5 13.dxe5 f4 14.Bh2 Nxe5 15.O-O-O Nxf3
16.Bxf3 Be6 17.Be2 Nf7 18.h4 h6 19.hxg5 hxg5 20.f3 Ne5 21.Bg1 Qf6 22.Nd5 Qf7
23.g3 Bxd5 24.exd5 fxg3 25.Qxg5 Nxf3 26.Qxg3 Qf6 27.Rd2 Nxd2 28.Kxd2 Qxb2+
29.Kd1 Qb1+ 30.Kd2 Qxa2+ 31.Kd1 Rae8 32.Qd3 Qa1+ 33.Kc2 Rxe2+ 34.Qxe2 Qa2+
35.Kd1 Qb3+ 36.Kc1 Bb2+  0-1

[Event "Acropolis Open"]
[Site "Athens GRE"]
[Date "2008.08.17"]
[Round "9"]
[White "Simeonidis,I"]
[Black "Stiri,A"]
[Result "1/2-1/2"]
[WhiteElo "2275"]
[BlackElo "2149"]

1.d4 Nf6 2.Nf3 g6 3.c4 Bg7 4.Nc3 d6 5.e4 O-O 6.Be2 e5 7.O-O c6 8.d5 cxd5
9.cxd5 Na6 10.Nd2 Bh6 11.Nc4 Bxc1 12.Qxc1 b5 13.Nd2 b4 14.Na4 Bd7 15.Qc4 Nc7
16.Qxb4 Rb8 17.Qa3 Nb5 18.Bxb5 Bxb5 19.Rfe1 Bxa4 20.Qxa4 Rxb2 21.Nc4  1/2-1/2

[Event "ch-Euro Seniors"]
[Site "Davos SUI"]
[Date "2008.08.17"]
[Round "9"]
[White "Zesiger,H"]
[Black "Kock,HU"]
[Result "0-1"]
[WhiteElo "2104"]
[BlackElo "2168"]

1.d4 Nf6 2.Nf3 g6 3.c4 d6 4.Nc3 Bg7 5.e4 O-O 6.Be2 c6 7.O-O e5 8.Qc2 Nbd7
9.Rd1 Qe7 10.Bg5 h6 11.Be3 Ne8 12.d5 c5 13.Bd3 Ndf6 14.Nd2 Ng4 15.Nf1 Nxe3
16.Nxe3 Qg5 17.Qe2 f5 18.f3 h5 19.exf5 gxf5 20.Nc2 Bh6 21.Rf1 Qg7 22.Kh1 Bd7
23.Ne3 Kh8 24.g4 hxg4 25.fxg4 e4 26.Bc2 f4 27.Nf5 Bxf5 28.gxf5 f3 29.Qf2 Rxf5
30.Bxe4 Rf4 31.Rg1 Qf8 32.Rg3 Nf6 33.Rag1 Nxe4 34.Nxe4 Rxe4 35.Rg6 Rae8 36.Rg8+ Qxg8
37.Rxg8+ Rxg8 38.h3 Rf8 39.b4 Be3 40.Qb2+ Rd4 41.Kh2 Rg8 42.Qc3 Bf4+ 43.Kh1 f2
44.Qf3 Rg1+  0-1

[Event "35th Open"]
[Site "Manresa ESP"]
[Date "2008.08.17"]
[Round "6"]
[White "Diamant,A"]
[Black "Perpinya Rofes,L"]
[Result "1-0"]
[WhiteElo "2393"]
[BlackElo "2385"]

1.d4 Nf6 2.c4 g6 3.Nc3 Bg7 4.e4 d6 5.Nf3 O-O 6.Be2 Na6 7.O-O e5 8.Be3 c6
9.Qd2 Qe7 10.Rfe1 Ng4 11.Bg5 f6 12.Bh4 h5 13.h3 Nh6 14.Rad1 Nf7 15.c5 exd4
16.cxd6 Qxd6 17.Nxd4 c5 18.Nb3 Qxd2 19.Rxd2 f5 20.exf5 Bxf5 21.Bf3 Bh6 22.Rde2 c4
23.Na5 Nc5 24.Nxb7 Nd3 25.Rd1 Rfe8 26.Ne4 Kf8 27.Bg3 Nfe5 28.Nbd6 Re7 29.Nxc4 Nxf3+
30.gxf3 Nc5 31.Bd6 Nxe4 32.fxe4 Bxh3 33.Ne3 Kf7 34.Bxe7 Kxe7 35.Nd5+ Kf7
36.Rc2 Bg7 37.Rd3 Bg4 38.f3 Bh3 39.Nf4  1-0

[Event "5th DA Tan Malaysian Open"]
[Site "Kuala Lumpur MAS"]
[Date "2008.08.18"]
[Round "1"]
[White "Tan Khai Boon"]
[Black "Li Shilong"]
[Result "0-1"]
[WhiteElo "2133"]
[BlackElo "2511"]

1.d4 Nf6 2.c4 g6 3.Nc3 Bg7 4.e4 O-O 5.Nf3 d6 6.Be2 Na6 7.O-O e5 8.Be3 c6
9.Rb1 Qe7 10.dxe5 dxe5 11.Qc2 Nh5 12.Ne1 Nf4 13.Bf3 Ne6 14.Bd1 Nd4 15.Qc1 Nc5
16.Kh1 f5 17.b4 Nxe4 18.Nxe4 fxe4 19.Bg5 Qf7 20.Bb3 a5 21.bxa5 Rxa5 22.Bd2 Ra8
23.Bb4 Rd8 24.Rb2 Be6 25.f3 Nf5 26.Re2 Bh6 27.Qc3 Rd4 28.c5 Bxb3 29.axb3 Ne3
30.Rxe3 Bxe3 31.Qxe3 Rxb4 32.Nc2 Qxb3 33.Qd2 Rc4 34.Ne3 Rd4 35.Qf2 Rf8  0-1

[Event "Petrovskaya Ladya GM2"]
[Site "Peterhof RUS"]
[Date "2008.08.18"]
[Round "10"]
[White "Khuseinkhodzhaev,M"]
[Black "Serov,M"]
[Result "0-1"]
[WhiteElo "2402"]
[BlackElo "2368"]

1.Nf3 Nf6 2.c4 g6 3.Nc3 Bg7 4.d4 O-O 5.e4 d6 6.Be2 e5 7.d5 a5 8.Bg5 Na6 9.Nd2 Nc5
10.O-O Bd7 11.b3 c6 12.a3 Qb6 13.Rb1 cxd5 14.cxd5 Rfc8 15.Be3 Qd8 16.f3 a4
17.b4 Nb3 18.Nb5 Bxb5 19.Bxb5 Rc3 20.Nc4 Rxe3 21.Nxe3 Qb6 22.Qd3 Bh6 23.Rfe1 Bxe3+
24.Rxe3 Nd4 25.Bc4 Nc2 26.Kf2 Nxe3 27.Qxe3 Qc7 28.Rc1 Rc8 29.Rc2 Qd8 30.Bd3 Kg7
31.g3 h5 32.Kg2 h4 33.g4 Nh7 34.f4 Rxc2+ 35.Bxc2 Qc8 36.Bd1 exf4 37.Qxf4 Qc3
38.Qf3 Qb2+ 39.Qe2 Qe5 40.Bxa4 Ng5 41.Bc2 h3+ 42.Kh1 Qf4 43.Bd3 Qc1+ 44.Qf1 Qxa3
45.b5 Qb2 46.Qe2 Qc1+ 47.Qf1 Qe3 48.Qe2 Qf4 49.e5 dxe5 50.d6 e4 51.Qb2+ Kh7  0-1

[Event "Open A"]
[Site "Vladimir RUS"]
[Date "2008.08.18"]
[Round "6"]
[White "Derbenev,A"]
[Black "Krylov,M RUS"]
[Result "1/2-1/2"]
[WhiteElo "2302"]
[BlackElo "2462"]

1.d4 Nf6 2.c4 g6 3.Nc3 Bg7 4.e4 d6 5.Be2 O-O 6.Nf3 e5 7.d5 a5 8.Be3 Ng4 9.Bg5 f6
10.Bh4 Nh6 11.Nd2 g5 12.Bg3 f5 13.f3 f4 14.Bf2 Na6 15.g4 fxg3 16.hxg3 g4
17.fxg4 Nb4 18.Nf1 Nxg4 19.Bxg4 Bxg4 20.Qxg4 Nd3+ 21.Ke2 Nxf2 22.Qe6+ Kh8
23.Rh2 Rf6 24.Qxf6 Qxf6 25.Rxf2 Qg5 26.Ne3 Bh6 27.Nf5 Qd2+ 28.Kf3 Qd3+ 29.Kg2 Bg5
30.c5 Rd8 31.cxd6 cxd6 32.a4 h6 33.Re1 Qc4 34.Ree2 Rd7 35.Ne3 Qb4 36.Nf5 Kh7
37.Rf1 Kg6 38.Kh3 Qc4 39.Ref2 Kh7 40.Nh4 Bd2 41.Nb5 Bb4 42.Rf6 Qxe4 43.Nf5 Bd2
44.Nbxd6 Qd3 45.Nh4 Bf4 46.Rf3 Qxd5 47.Ne8 Bg5 48.Ng6 Bxf6 49.Nf8+ Kh8 50.Ng6+ Kh7
51.Nf8+  1/2-1/2

[Event "Open A"]
[Site "Vladimir RUS"]
[Date "2008.08.18"]
[Round "6"]
[White "Svetlov,D"]
[Black "Girya,O"]
[Result "1-0"]
[WhiteElo "2306"]
[BlackElo "2350"]

1.d4 Nf6 2.Nf3 g6 3.c4 Bg7 4.Nc3 O-O 5.e4 d6 6.Be2 e5 7.Be3 Na6 8.d5 Nc5
9.Nd2 a5 10.b3 Ne8 11.O-O f5 12.f3 Bf6 13.Rb1 Bg5 14.Bf2 Nf6 15.Qc2 b6 16.a3 Bxd2
17.Qxd2 fxe4 18.Bh4 Bf5 19.b4 axb4 20.axb4 exf3 21.Bxf3 Nce4 22.Bxe4 Nxe4
23.Qe1 Nf6 24.Rb2 Kg7 25.Rbf2 Qd7 26.Bxf6+ Rxf6 27.g4 Bd3 28.Rxf6 Bxf1 29.Rxf1 Qxg4+
30.Qg3 Qxg3+ 31.hxg3 Ra3 32.Rc1 Kf6 33.Kg2 Rb3 34.Nb5 Rxb4 35.Nxc7 e4 36.Ne6 Ke5
37.Ng5 Rb2+ 38.Kf1 Kf5 39.Nf7 Kg4 40.Rc3 b5 41.Nxd6 bxc4 42.Nxe4 Rb5 43.d6 Kf5
44.Rxc4  1-0

[Event "Open A"]
[Site "Vladimir RUS"]
[Date "2008.08.18"]
[Round "6"]
[White "Dudukin,Ilya"]
[Black "Stukopin,A"]
[Result "1-0"]
[WhiteElo "2407"]
[BlackElo "2277"]

1.Nf3 Nf6 2.c4 g6 3.Nc3 Bg7 4.e4 d6 5.d4 O-O 6.Be2 Nbd7 7.O-O e5 8.Qc2 exd4
9.Nxd4 Re8 10.Rd1 a5 11.Ndb5 Nc5 12.f3 Nfd7 13.Bf1 Ne5 14.Be3 b6 15.Qf2 Bd7
16.Qg3 f5 17.Bg5 Qb8 18.exf5 Bxf5 19.Nd5 h6 20.Bf6 Ne6 21.f4 Nd7 22.Bxg7 Kxg7
23.Ndxc7 Nxc7 24.Nxd6 Nc5 25.Nxf5+ Kh7 26.Nh4 Rg8 27.Bd3 Nxd3 28.Rxd3 Rg7
29.f5 gxf5 30.Qe5 Qf8 31.Rd6 Rf7 32.Qg3 Rg7 33.Qd3 Rf7 34.Nxf5 Rxf5 35.Rf1 Ne8
36.Rxf5  1-0

[Event "Petrovskaya Ladya GM1"]
[Site "Peterhof RUS"]
[Date "2008.08.19"]
[Round "11"]
[White "Yevseev,D"]
[Black "Utkin,Alek"]
[Result "1-0"]
[WhiteElo "2510"]
[BlackElo "2412"]

1.Nf3 Nf6 2.c4 g6 3.Nc3 Bg7 4.e4 d6 5.d4 O-O 6.Be2 Nbd7 7.O-O e5 8.Be3 Qe7
9.Qc2 c6 10.Rad1 exd4 11.Nxd4 Nc5 12.f3 a5 13.Qd2 Re8 14.Nc2 Bf8 15.Bf4 Rd8
16.Rfe1 Be6 17.Bf1 a4 18.Nd4 Rd7 19.Nd5 Qd8 20.Nxf6+ Qxf6 21.Bg5 Qh8 22.Bh6 Bxh6
23.Qxh6 Rdd8 24.Rd2 Qf6 25.Qe3 Re8 26.Red1 Rad8 27.Qc3 Qg5 28.b4 axb3 29.axb3 Ra8
30.b4 Na4 31.Qb3 Qe5 32.Nxe6 Rxe6 33.Ra2 Nb6 34.Rxa8+ Nxa8 35.Qe3 Re8 36.Qa7 Qe7
37.c5 dxc5 38.Qxc5 Nc7 39.Qxe7 Rxe7 40.Kf2 Ne6 41.Ke3 c5 42.bxc5 Nxc5 43.Rd5 b6
44.Rd6 Re6 45.Rd8+ Kg7 46.Bc4 Rc6 47.Bd5 Rc7 48.Ra8 h5 49.f4 Kf6 50.e5+ Ke7
51.g3 Rd7 52.Bc4 Rc7 53.Bb5 Nd7 54.Ra6 Rc3+ 55.Kd4 Rc7 56.h3 Nc5 57.Rxb6 Ne6+
58.Ke4 Rc3 59.g4 hxg4 60.hxg4 Rb3 61.f5 Rb4+ 62.Ke3 gxf5 63.gxf5 Nd4 64.f6+ Kd8
65.Rd6+ Kc7 66.Rd7+ Kc8 67.Rxd4 Rxb5 68.e6 Rb3+ 69.Ke4 Rb6 70.e7 Re6+ 71.Kf5 Kc7
72.Re4  1-0

[Event "5th DA Tan Malaysian Open"]
[Site "Kuala Lumpur MAS"]
[Date "2008.08.20"]
[Round "5"]
[White "Tan Khai Boon"]
[Black "Gu Xiaobing"]
[Result "0-1"]
[WhiteElo "2133"]
[BlackElo "2286"]

1.d4 Nf6 2.c4 g6 3.Nc3 Bg7 4.e4 O-O 5.Nf3 d6 6.Be2 e5 7.O-O Na6 8.Be3 c6
9.Rb1 Qe7 10.c5 Ng4 11.dxe5 dxe5 12.Bxa6 Nxe3 13.fxe3 bxa6 14.Qd6 Qxd6 15.cxd6 Rd8
16.Rfd1 Bg4 17.Rd2 Rd7 18.Rbd1 Rad8 19.h3 Bxf3 20.gxf3 Bf8 21.Na4 Rxd6 22.Rxd6 Rxd6
23.Rxd6 Bxd6 24.b3 Ba3 25.Nc3 Kf8 26.Kf2 Ke7 27.Nb1 Bb4 28.a3 Bc5 29.b4 Bb6
30.Nd2 a5 31.bxa5 Bxa5 32.Nc4 Bc7 33.Kg3 Ke6 34.Kg4 h6 35.f4 f5+ 36.Kf3 exf4
37.exf4 Kf6 38.exf5 gxf5 39.Ne3 Ke6 40.Ng2 a5 41.a4 h5 42.Ke3 Kd5 43.Nh4 Bb6+
44.Kd3 Bc7 45.Nxf5 Bxf4 46.Ne7+ Kc5 47.Kc3 Be5+ 48.Kb3 Bf6 49.Nf5 h4 50.Ne3 Kd4
51.Nc4 Bd8 52.Nd6 Ke3 53.Nf5+ Ke4 54.Nd6+ Kf3 55.Nf5 Kg2 56.Kc4 Kxh3 57.Kc5 Kg4
58.Ne3+ Kf3 59.Nf1 Kf2 60.Nh2 Bc7 61.Ng4+ Kf3  0-1

[Event "U16 Olympiad"]
[Site "Mersin TUR"]
[Date "2008.08.20"]
[Round "6"]
[White "Kavinda,A"]
[Black "Kaya,E"]
[Result "0-1"]
[WhiteElo "2029"]
[BlackElo "1889"]

1.d4 Nf6 2.c4 g6 3.Nc3 Bg7 4.e4 d6 5.Nf3 O-O 6.Be2 Na6 7.O-O e5 8.d5 Nc5
9.Nd2 a5 10.Rb1 Ne8 11.Re1 f5 12.f3 f4 13.b3 Bd7 14.a3 g5 15.b4 axb4 16.axb4 Na4
17.Qb3 h5 18.Nxa4 Bxa4 19.Qc3 Bd7 20.c5 g4 21.c6 bxc6 22.dxc6 Qh4 23.Nf1 gxf3
24.cxd7 f2+ 25.Kh1 fxe1=Q 26.Qc4+ Kh8 27.dxe8=Q Raxe8 28.Ra1 Qhf2 29.Ra2 f3  0-1

[Event "8th Savaria Summer GM"]
[Site "Szombathely HUN"]
[Date "2008.08.20"]
[Round "7"]
[White "Kovacs,Ga2"]
[Black "Martinovic,Sa"]
[Result "1/2-1/2"]
[WhiteElo "2505"]
[BlackElo "2395"]

1.d4 Nf6 2.c4 g6 3.Nc3 Bg7 4.e4 d6 5.Nf3 O-O 6.Be2 e5 7.O-O exd4 8.Nxd4 Re8
9.f3 Nc6 10.Be3 Nh5 11.Qd2 Nf4 12.Rfd1 Nxd4 13.Bxd4 Bxd4+ 14.Qxd4 Nxe2+ 15.Nxe2 b6
16.Nc3 Bb7 17.Nd5 Bxd5 18.cxd5 Qg5 19.Rac1 Re7 20.Rc3 f5 21.exf5 Qxf5 22.h4 Rf8
23.Rdc1 Rff7 24.Kh2 a5 25.R1c2 Qh5 26.Kh3 Qf5+ 27.Kg3 Qh5 28.Kf2 Qf5 29.g4 Re4
30.gxf5 Rxd4 31.fxg6 hxg6 32.Ke3 Rxd5 33.Rxc7 Re5+ 34.Kf2 Rxc7 35.Rxc7 Rc5
36.Rd7 Rc2+ 37.Kg3 Rxb2 38.Rxd6 Kg7 39.a4 Rb4 40.Rc6 Rxa4 41.Rxb6 Ra1 42.Ra6 a4
43.Kg2 a3 44.Kh2 Kf7 45.Kg2 a2 46.Kh2 Ke7 47.Kg2 Kd7 48.Kh2 Kc7 49.Kg2 Kb7
50.Ra3 Kc6 51.Ra5 Kb6 52.Ra3 Kc5 53.Ra8 Kc6 54.Ra3 Kb7 55.Ra4 Kb6  1/2-1/2

[Event "Open A"]
[Site "Vladimir RUS"]
[Date "2008.08.20"]
[Round "8"]
[White "Trifonov,P"]
[Black "Girya,O"]
[Result "1-0"]
[WhiteElo "2213"]
[BlackElo "2350"]

1.d4 Nf6 2.c4 g6 3.Nc3 Bg7 4.e4 d6 5.Nf3 O-O 6.Be2 e5 7.d5 a5 8.Be3 Na6 9.Nd2 Ne8
10.O-O Bd7 11.a3 f5 12.f3 Bf6 13.b3 f4 14.Bf2 Bh4 15.g3 fxg3 16.hxg3 Bg5
17.Kg2 h5 18.Rh1 Nf6 19.Rb1 h4 20.g4 Kg7 21.Qc2 Rh8 22.Rh3 Qe7 23.Rbh1 Raf8
24.Nf1 Rf7 25.Qd1 Kg8 26.Qe1 Rfh7 27.Nd1 b6 28.b4 axb4 29.axb4 Bc8 30.Kg1 Bf4
31.Rxh4 g5 32.Rxh7 Rxh7 33.Rxh7 Qxh7 34.Kg2 Nb8 35.Ng3 Nbd7 36.Ne3 Nf8 37.Qh1 Qxh1+
38.Nxh1 Ng6 39.Kf1 Kf7 40.Bd3 Nd7 41.Ke2 Nf6 42.Ng3 Nh4 43.Ngf1 Ng6 44.Ng2 Nd7
45.Nd2 Nb8 46.c5 bxc5 47.bxc5 dxc5 48.Bxc5 Nd7 49.Bb4 Nb6 50.Nc4 Nxc4 51.Bxc4 Ke8
52.Ba5 Kd7 53.Bb5+ Kd6 54.Bb4+ c5 55.dxc6 Kc7 56.Bc5 Be6 57.Kd3 Ba2 58.Nxf4 gxf4
59.Ba4 Nh4 60.g5 Bf7 61.Bb4 Nxf3 62.Ba5+ Kd6 63.Bb4+ Kc7 64.Ba5+ Kd6 65.c7 Be6
66.g6 Ke7 67.g7 Kf7 68.Bb3 Bxb3 69.g8=Q+ Kxg8 70.c8=Q+ Kf7 71.Qb7+  1-0

[Event "Jessie Gilbert Celebration Int"]
[Site "Coulsdon ENG"]
[Date "2008.08.21"]
[Round "6"]
[White "Lalic,B"]
[Black "McNab,C"]
[Result "1/2-1/2"]
[WhiteElo "2533"]
[BlackElo "2450"]

1.d4 d6 2.Nf3 g6 3.c4 Nd7 4.Nc3 Bg7 5.e4 e5 6.Be2 Ngf6 7.O-O O-O 8.Be3 Re8
9.Qc2 exd4 10.Nxd4 c6 11.Rad1 a5 12.Rfe1 a4 13.b4  1/2-1/2

[Event "XIII Konik Morski Open A"]
[Site "Rewal POL"]
[Date "2008.08.21"]
[Round "2"]
[White "Matuszewski,M"]
[Black "Czerwonski,A"]
[Result "1-0"]
[WhiteElo "2233"]
[BlackElo "2414"]

1.d4 Nf6 2.c4 g6 3.Nc3 Bg7 4.e4 d6 5.Be2 O-O 6.Nf3 e5 7.Be3 Ng4 8.Bg5 f6
9.Bc1 exd4 10.Nxd4 f5 11.h3 Nh6 12.Bxh6 Bxh6 13.exf5 Bxf5 14.Nxf5 Rxf5 15.O-O Nc6
16.Bg4 Rf4 17.Nd5 Rd4 18.Qb3 Ne5 19.Be6+ Kh8 20.f4 Nd3 21.f5 gxf5 22.Bxf5 Nc5
23.Qc3 Bg7 24.Qf3 c6 25.Ne3 Qg5 26.Rae1 Rf8 27.Qe2 Re8 28.Bb1 Rh4 29.Rf5 Qe7
30.Qf3 Ne6 31.Qf1 Nd4 32.Rf7 Qe5 33.Qf2 Rh5 34.Bd3 Rg8 35.Ng4 Qg5 36.Ree7 c5
37.Nf6 Nc6 38.Rxg7 Qc1+ 39.Re1  1-0

[Event "2nd Euwe Stimulans"]
[Site "Sao Paulo BRA"]
[Date "2008.08.21"]
[Round "9"]
[White "El Debs,F"]
[Black "Watanabe,A"]
[Result "1-0"]
[WhiteElo "2440"]
[BlackElo "2353"]

1.Nf3 Nf6 2.c4 g6 3.Nc3 Bg7 4.e4 d6 5.d4 O-O 6.Be2 e5 7.Be3 c6 8.d5 Ng4 9.Bg5 f6
10.Bh4 Na6 11.Nd2 h5 12.h3 Nh6 13.Rb1 c5 14.a3 Nf7 15.g4 hxg4 16.Bxg4 Nc7
17.Rg1 g5 18.Bg3 Nh6 19.Qe2 Nxg4 20.hxg4 Bd7 21.b4 b6 22.f3 Kf7 23.Kf2 Rh8
24.Kg2 Qc8 25.Rb3 Bf8 26.Rgb1 Na6 27.Nf1 Be7 28.Ne3 Bf8 29.Bf2 Be7 30.Nf5 Qg8
31.Nb5 Qh7 32.Bg3 Bxf5 33.exf5 Qg8 34.Nc3 Qc8 35.Ne4 Qc7 36.Bf2 Rac8 37.bxc5 Nxc5
38.Bxc5 dxc5 39.a4 Bd6 40.a5 Rb8 41.Qb2 bxa5 42.Nxd6+  1-0

[Event "Open A"]
[Site "Vladimir RUS"]
[Date "2008.08.21"]
[Round "9"]
[White "Gavrilov,Al1"]
[Black "Pesotsky,V"]
[Result "1-0"]
[WhiteElo "2447"]
[BlackElo "2338"]

1.d4 Nf6 2.c4 g6 3.Nc3 Bg7 4.e4 d6 5.Nf3 O-O 6.Be2 e5 7.Be3 Ng4 8.Bg5 f6
9.Bc1 Nc6 10.d5 Ne7 11.h3 Nh6 12.h4 c5 13.h5 g5 14.Nh2 a6 15.g4 Bd7 16.O-O Rb8
17.a3 b5 18.cxb5 axb5 19.b4 Qc8 20.Bd2 Kh8 21.Kg2 Qb7 22.Qb3 Rfc8 23.Rfb1 c4
24.Qc2 Ra8 25.Be3 Re8 26.f3 f5 27.Bxg5 f4 28.Bh4 Nf7 29.a4 bxa4 30.b5 a3
31.Qc1 a2 32.Rb2 Nc8 33.Rbxa2 Nb6 34.Bf2 Bf6 35.Ra6 Bd8 36.Qa3 Rb8 37.Ra7 Qc8
38.Qa6 Kg8 39.Nf1 Ng5 40.Nd2 Rf8 41.Qxc8 Bxc8 42.Nxc4 Bxg4 43.Nxb6 Bxb6 44.Bxb6 Rxb6
45.h6 Bh3+ 46.Kh2 Kh8 47.Rg7 Rg8 48.Rxg8+ Kxg8 49.Rg1  1-0

[Event "Open A"]
[Site "Vladimir RUS"]
[Date "2008.08.22"]
[Round "10"]
[White "Popov,Val"]
[Black "Belous,V"]
[Result "1-0"]
[WhiteElo "2524"]
[BlackElo "2409"]

1.d4 Nf6 2.Nf3 g6 3.c4 Bg7 4.Nc3 d6 5.e4 O-O 6.Be2 Na6 7.O-O e5 8.Re1 c6
9.Bf1 Bg4 10.d5 Nb4 11.Be2 a5 12.Be3 c5 13.h3 Bd7 14.Nd2 Kh8 15.f4 Bh6 16.Rf1 Ng8
17.a3 exf4 18.Bxf4 Bxf4 19.Rxf4 Qg5 20.Rf2 Na6 21.Nb3 Qe3 22.Bd3 Nc7 23.e5 dxe5
24.d6 Ne8 25.Nd5 Qh6 26.Nxc5 Be6 27.d7 Nef6 28.Nc7 Rad8 29.N7xe6 fxe6 30.Bc2 Qe3
31.Qe1 Qxe1+ 32.Rxe1 Kg7 33.Ba4 Ne7 34.Rd2 Nf5  1-0

[Event "Open A"]
[Site "Vladimir RUS"]
[Date "2008.08.22"]
[Round "10"]
[White "Simonov,Vl"]
[Black "Timofeev,M"]
[Result "1-0"]
[WhiteElo "2301"]
[BlackElo "1876"]

1.d4 Nf6 2.c4 g6 3.Nc3 Bg7 4.e4 d6 5.Be2 O-O 6.Nf3 e5 7.dxe5 dxe5 8.Qxd8 Rxd8
9.Nd5 Nxd5 10.cxd5 Nd7 11.Bg5 f6 12.Be3 Bf8 13.Rc1 Bd6 14.Nd2 b6 15.Bb5 Nc5
16.b4 Nb7 17.O-O Bd7 18.Ba6 Bc8 19.a3 Rd7 20.Rc3 Nd8 21.Bb5 Rf7 22.Rfc1 a5
23.bxa5 Rxa5 24.Nc4 Rxb5 25.Nxd6 cxd6 26.Rxc8 Rd7 27.Rb8 Kf7 28.a4 Rb4 29.Bxb6 Nb7
30.Bc7 Rb3 31.f3 Nc5 32.Rxb3 Nxb3 33.Rc6 Nd4 34.Rc4 Nb3 35.Bb6 Nc5 36.Bxc5 Rc7
37.a5 dxc5 38.Kf2 Ke7 39.Ke3 Kd6 40.Kd3 Ra7 41.Ra4 Ra6 42.Kc4 f5 43.Ra2 f4
44.Ra4 g5 45.h3 h6 46.Ra2 h5 47.Ra1  1-0